The Saviour's seven statements from the cross: (Record no. 7567)

000 -LEADER
fixed length control field 00610nam a2200181 a 4500
001 - CONTROL NUMBER
control field :::00005328$&:&@@
003 - CONTROL NUMBER IDENTIFIER
control field OkBaRHE
005 - DATE AND TIME OF LATEST TRANSACTION
control field 20000607103325.0
008 - FIXED-LENGTH DATA ELEMENTS--GENERAL INFORMATION
fixed length control field s1968 j 000 0 eng u
040 ## - CATALOGING SOURCE
Transcribing agency
100 1# - MAIN ENTRY--PERSONAL NAME
Personal name Lee, Robert Greene, 1886-
245 14 - TITLE STATEMENT
Title The Saviour's seven statements from the cross:
Remainder of title a series of Lenten messages.
260 ## - PUBLICATION, DISTRIBUTION, ETC. (IMPRINT)
Place of publication, distribution, etc Grand Rapids, MI., :
Name of publisher, distributor, etc Zondervan Pub. House
Date of publication, distribution, etc c1968
300 ## - PHYSICAL DESCRIPTION
Extent 146 p. ;
Dimensions 21 cm.
650 ## - SUBJECT ADDED ENTRY--TOPICAL TERM
Topical term or geographic name as entry element Jesus Christ
General subdivision Seven Last Words
942 ## - ADDED ENTRY ELEMENTS (KOHA)
Source of classification or shelving scheme
Koha item type Books
Copies
Barcode Koha item type Date acquired Date last seen Full call number Source of classification or shelving scheme Shelving location Permanent Location Not for loan Lost status Withdrawn status Price effective from Damaged status Copy number
5328Books2010-04-142010-04-14BT 456 .L4 General StacksRHEMA Bible Training College   2010-04-14 1